000 00578nam a22001577a 4500
082 _a621.11
_bUSM
100 _aUsman, Muhammad (401245)
_9132375
245 _aTechno-Economic Assessment and Design Optimization of Offshore Wind Energy in Gwadar, Pakistan: A Strategic Transition from Onshore Limitation to Offshore Viability /
264 _aIslamabad :
_bUSPCAS-E, NUST
_cOctober, 2025
300 _axiv, 57 p.
_e+CD
520 _aTH-694
650 _aMS ESE Thesis
650 _aMS Thesis
_918721
700 _aSupervisor: Dr. Abeera Ayaz Ansari
_9117653
942 _2ddc
_cTHE
999 _c615587
_d615587